| 000 | 00490nam a22001817a 4500 | ||
|---|---|---|---|
| 003 | CEME | ||
| 005 | 20210628204018.0 | ||
| 008 | 210113b xxu||||| |||| 00| 0 eng d | ||
| 020 | _a9780826419460 | ||
| 040 | _cceme | ||
| 082 | _a425.92 HAM | ||
| 100 |
_aHamawand, Zeki _968238 |
||
| 245 | _aMorphology in english , world formation in cognitive grammar | ||
| 260 |
_aINDIA _bCONTINUUM _c2011 |
||
| 300 | _aXIV, 275P | ||
| 650 |
_aENGLISH LANGUAGE MORPHOLOGY. _968239 |
||
| 942 |
_cBK _2ddc |
||
| 999 |
_c575856 _d575856 |
||